| 000 | 00473nam a2200169 i 4500 | ||
|---|---|---|---|
| 001 | 106204 | ||
| 003 | ES-MaACL | ||
| 005 | 20230906184102.0 | ||
| 007 | t| | ||
| 008 | 061009s1959 ag ||||1| spa d | ||
| 080 | _a821.134.2(82)-31"19" | ||
| 100 | 1 |
_aCortázar, Julio. _940823 |
|
| 245 | 1 | 4 |
_aLas armas secretas / _cJulio Cortázar. |
| 260 |
_aBuenos Aires : _bEditorial Sudamericana, _c[1959] |
||
| 300 |
_a221 p. ; _c19 cm. |
||
| 852 |
_aES-MaACL _jAND-766 _bR.110062 |
||
| 999 |
_c106204 _d106204 |
||